Elenca la formazione - Quiz n°165 - Statistics

Statistiche generali
  • Questo quiz è stato fatto 54 volte
  • Il punteggio medio è 10 su 11
Statistiche sulle risposte
Ruolo Nazione Calciatore % Corretto
Portiere Spagna David de Gea
100%
Trequartista Portogallo Bruno Fernandes
96%
Ala Inghilterra Marcus Rashford
96%
Centrocampista Scozia Scott McTominay
94%
Difensore Inghilterra Harry Maguire
92%
Attaccante Portogallo Cristiano Ronaldo
90%
Difensore Svezia Victor Lindelöf
90%
Difensore Portogallo Giogo Dalot
88%
Centrocampista Brasile Fred
82%
Difensore Brasile Alex Telles
62%
Ala Inghilterra Jadon Sancho
62%
Nessun quiz corrispondente trovato
Distribuzione punteggi
Percentuale di utenti per punteggio
Percentile per numero di risposta
I tuoi punteggi nel tempo
Non hai fatto questo quiz